Movies by Image #18 - Statistics

General Stats
  • This quiz has been taken 30 times
  • The average score is 5 of 16
Answer Stats
Picture Answer % Correct
The Sandlot
74%
Father of the Bride
59%
Mr. Popper's Penguins
59%
Road House
59%
The Outsiders
52%
Holes
48%
Cheaper by the Dozen
30%
Semi-Pro
26%
The Pacifier
22%
Sahara
19%
The Game Plan
19%
Conspiracy Theory
15%
Here Comes the Boom
15%
The Highwaymen
15%
Dan in Real Life
11%
Cellular
7%
No matching quizzes found
Score Distribution
Percent of People with Each Score
Percentile by Number Answered
Your Score History
You have not taken this quiz